Recherches sur la nature et les causes de la richesse des nations : les grands themes
Αποθηκεύτηκε σε:
| Κύριος συγγραφέας: | |
|---|---|
| Άλλοι συγγραφείς: | |
| Μορφή: | Βιβλίο |
| Γλώσσα: | French |
| Δημοσίευση: |
[Paris] :
Guillaumin,
c1976.
|
| Θέματα: | |
| Ετικέτες: |
Προσθήκη ετικέτας
Δεν υπάρχουν, Καταχωρήστε ετικέτα πρώτοι!
|
MARC
| LEADER | 00000nam a2200000 a 4500 | ||
|---|---|---|---|
| 001 | 1/127292 | ||
| 008 | 230918t1976####fr | ||| |||| ||fre|| | ||
| 040 | |a GR-MyUa |b gre |c GR-MyUa |e AACR2 | ||
| 041 | 0 | |a fre | |
| 082 | 7 | |a 330.153 |2 (23) | |
| 100 | 1 | |a Smith, Adam, |d 1723-1790. | |
| 245 | 1 | 0 | |a Recherches sur la nature et les causes de la richesse des nations : |b les grands themes / |c Adam Smith ; edite et preface par gerard Mairet. |
| 260 | |a [Paris] : |b Guillaumin, |c c1976. | ||
| 300 | |a 445 σ. ; |c 18 εκ. | ||
| 504 | |a Βιβλιογραφία: σ. 443-445. | ||
| 650 | 0 | |a Economics. | |
| 700 | 1 | |a Mairet, Gerard, |d 1943- |e edt |e aui | |
| 852 | |a INST |b SAMOS |e 20230918 |h 330.153 SMI |p 005300047759 |q 005300047759 |t BK |y 0 | ||
| 970 | |a Φιλιππή |b Φάλη |z 18-09-2023 | ||